Peace by peaceful means (Record no. 110133)
[ view plain ]
| 000 -LEADER | |
|---|---|
| fixed length control field | 01428nam a2200337 a 4500 |
| 100 1# - MAIN ENTRY--AUTHOR NAME | |
| Personal name | Galtung, Johan. |
| 245 10 - TITLE STATEMENT | |
| Title | Peace by peaceful means |
| 260 ## - PUBLICATION, DISTRIBUTION, ETC. (IMPRINT) | |
| Place of publication | Oslo : |
| Name of publisher | International Peace Research Institute ; |
| Place of publication | London ; |
| -- | Thousand Oaks, Calif. : |
| Name of publisher | Sage Publications, |
| Year of publication | 1996. |
| 300 ## - PHYSICAL DESCRIPTION | |
| Number of Pages | viii, 280 p. |
| 505 0# - FORMATTED CONTENTS NOTE | |
| Formatted contents note | pt. 1. Peace theory -- pt. 2. Conflict theory -- pt. 3. Development theory -- pt. 4. Civilization theory. |
| 650 #0 - SUBJECT ADDED ENTRY--TOPICAL TERM | |
| Topical Term | Peace |
| Topical Term | International relations. |
| 856 40 - ELECTRONIC LOCATION AND ACCESS | |
| Uniform Resource Identifier | http://site.ebrary.com/lib/rucke/Doc?id=10369641 |
No items available.
